000 00824nam a2200229 i 4500
001 10682
003 ES-MaACL
005 20250822062525.0
008 951004s1994 sp a |||| | spa d
020 _a84-604-9246-X
080 _a74 Goya, Francisco de
100 1 _aGoya, Francisco de,
_d1746-1828
_9240353
245 1 0 _aCuaderno italiano /
_cFrancisco de Goya.
260 _aMadrid :
_bMuseo del Prado,
_c1994.
300 _a2 v. :
_bil. ;
_c20 cm.
505 8 _aContiene: 1. Edición facsímil del "Cuaderno italiano" de Goya - 2. El Cuaderno italiano: 1770-1786: los orígenes del arte de Goya [estudios]
600 1 7 _aGoya, Francisco de,
_d1746-1828-
_xDibujo
_2
_9170063
710 2 _aMuseo Nacional del Prado.
_9160001
852 _aES-MaACL
_jL-17983-84
942 _2udc
999 _c10682
_d10682